000 00541nam a2200205Ia 4500
003 OSt
005 20221007112337.0
006 a|||||r|||| 00| 0
007 ta
008 221006b |||||||| |||| 00| 0 eng d
024 _a26,674
037 _cBound Volume
040 _aLCO
_cLCO
_beng
041 _2eng
_aeng
245 4 _aTHE PATENTS AND TRADE MARKS CASES
260 _aDelhi
_bControl news agency,4E/15 jhendewalan exte. India
_c1981
490 _v6 -1986
942 _cCR
999 _c1196237
_d1196237